La cosecha de Bitcoins /

A partir de una historia del dinero, que va desde el trueque hasta las criptomonedas, el autor analiza el uso y el futuro del Bitcoin y su impacto en los mercados monetarios internacionales.

Guardado en:
Detalles Bibliográficos
Autor principal: López de Ayala, Gonzalo (autor)
Formato: Libro
Idioma:Español
Publicado: Columbia, EUA : edición de autor, 2018, c2018
Temas:
Etiquetas: Agrega una etiqueta
Sin etiquetas, Sé el primero en etiquetar este registro!

MARC

LEADER 00000nam^a2200000^a^4500
001 000425621
005 20250521000000.0
009 20260310122720.346
020 |a 978-1720516309 
037 |a Acervo ITESO - Biblioteca 
041 |a ESP 
082 |a 332. 4045  |b LOP 
100 |a López de Ayala, Gonzalo  |e (autor) 
245 1 3 |a La cosecha de Bitcoins /  |c G. López de Ayala. 
246 2 |a Título en la cubierta: La cosecha de Bitcoin 
264 4 |a Columbia, EUA :  |b edición de autor,  |c 2018, c2018 
300 |a VII, 180 p. 
336 |a texto  |b txt  |2 rdacontenido 
337 |a sin mediación  |b n  |2 rdamedio 
338 |a volumen  |b nc  |2 rdasoporte 
520 |a A partir de una historia del dinero, que va desde el trueque hasta las criptomonedas, el autor analiza el uso y el futuro del Bitcoin y su impacto en los mercados monetarios internacionales. 
649 |a XX 
650 |a Blockchain (Base de Datos) 
650 |a Criptografía 
650 |a Redes de Computadoras -  |x Seguridad 
650 |a Bitcoin -  |x Tema Principal 
650 |a Criptomoneda -  |x Historia 
650 |a Criptomoneda -  |x Tema Principal 
650 |a Flujo Monetario 
650 |a Sistema Monetario 
650 |a Dinero -  |x Historia 
650 |a Dinero 
650 |a Inversiones 
650 |a Finanzas 
650 |a Economía 
910 |a Fondo General 
920 |a Impresos - Libros 
930 |a Colección General 
905 |a 101 
901 |a 0500340575  |b IT1  |c ACC  |i C174271  |u 20250521 
902 |a https://opac.biblio.iteso.mx/vufind/Record/000425621